000 00333nam a2200145Ia 4500
008 191201s2011 xx 000 0 und d
082 _a621.815
_bGIM
100 _aGILL,P S
245 0 _aMachine Drawing
250 _aRep
260 _aN.Delhi
_bS K Kataria and Sons
_c2011
300 _a709
650 _aB.Tech(ME)
942 _2ddc
_cBK
999 _c459
_d459